00352 2200145 4500001002100000005001500021035002000036245005000056100002100106300001200127260003300139082000800172084001400180990001200194INLIS00000000000170620250430101109 a0010-04250001221 aBawang Merah Bawang Putih /cYustitia Angelia0 aYustitia Angelia a128 hlm aJakarta :bBintang Indonesia a813 a813 YUS b a0754634